Central Library OPAC University of Rajshahi

Community power and political theory / (Record no. 57839)

MARC details
000 -LEADER
fixed length control field 00773cam a22002531 4500
001 - CONTROL NUMBER
control field 57839
003 - CONTROL NUMBER IDENTIFIER
rucl marc code BD-RjUL
005 - DATE AND TIME OF LATEST TRANSACTION
control field 20211209080546.0
008 - FIXED-LENGTH DATA ELEMENTS--GENERAL INFORMATION
fixed length control field 730213s1963 ctua b 000 0 eng
035 ## - SYSTEM CONTROL NUMBER
System control number (BD-RjUL)
040 ## - CATALOGING SOURCE
Original cataloging agency DLC
Transcribing agency DLC
Modifying agency DLC
Language of cataloging eng
041 ## - LANGUAGE CODE
Language code of text/sound track or separate title eng
082 00 - DEWEY DECIMAL CLASSIFICATION NUMBER
Classification number 305.5
Edition number 23
Author mark and year POC 1963
100 1# - MAIN ENTRY--PERSONAL NAME
Personal name Polsby, Nelson W.
9 (RLIN) 171796
245 10 - TITLE STATEMENT
Title Community power and political theory /
Statement of responsibility, etc. Nelson W Polsby
260 ## - PUBLICATION, DISTRIBUTION, ETC. (IMPRINT)
Place of publication, distribution, etc. New Haven :
Name of publisher, distributor, etc. Yale University Press,
Date of publication, distribution, etc. 1963.
300 ## - PHYSICAL DESCRIPTION
Pagination xiv, 144 p. :
Illustrations diagr. ;
Size 25 cm.
504 ## - BIBLIOGRAPHY, ETC. NOTE
Bibliography, etc Bibliographical footnotes.
650 ## - SUBJECT ADDED ENTRY--TOPICAL TERM
Topical term or geographic name as entry element Social classes
9 (RLIN) 170777
830 ## - SERIES ADDED ENTRY--UNIFORM TITLE
Uniform title Yale studies in political science,
Volume number/sequential designation 7
942 ## - ADDED ENTRY ELEMENTS (KOHA)
Source of classification or shelving scheme Dewey Decimal Classification
Koha item type Books
Holdings
Lost status Source of classification or shelving scheme Damaged status Not for loan Collection code Permanent Location Current Location Shelving location Date acquired Source of acquisition Cost, normal purchase price Total Checkouts Full call number Date last seen Copy number Koha item type
  Dewey Decimal Classification   Not For Loan Non-fiction Central Library, University of Rajshahi Central Library, University of Rajshahi Reading Room 19/11/1964 Mirga Book 25.00   305.5 POC 1963 12/12/2016 C-1 Books